| 000 | 00703cam a2200217 i 4500 | ||
|---|---|---|---|
| 999 |
_c57948 _d57948 |
||
| 001 | 18117548 | ||
| 005 | 20221111163833.0 | ||
| 008 | 140416s2014 coub b 001 0 eng | ||
| 020 | _a9781626370715x | ||
| 041 | _aeng | ||
| 080 | _a341.1 D-59 | ||
| 100 | 1 |
_aDinan, Desmond, _d _911124 |
|
| 245 | 1 | 0 |
_aEurope recast : _ba history of European Union / _cDesmond Dinan. |
| 250 | _a2nd edition. | ||
| 264 | 1 |
_aBoulder, Colorado : _bLynne Rienner Publishers, Inc., _c2014. |
|
| 300 |
_a411 pages : _bmaps ; _c23 cm. |
||
| 504 | _aIncludes bibliographical references and index. | ||
| 653 | _aევროკავშირის ისტორია | ||
| 653 | _aევროპა | ||
| 942 |
_2udc _cBK |
||